000 00855nas a2200265 4500
001 BR0800153
003 BR-BrBNA
005 20231205111422.0
007 ta
008 230509b bl.|||p| |||| 00| 00por d
040 _aBR-BrBNA
_bpor
_cBiblioteca Nacional de Agricultura
041 _a(Pt)
072 _aF02; H10
100 1 _aGabriel, D.
100 1 _aScarpellini, J.R.
100 1 _aBolonhezi, D.
245 1 _aLevantamento da população de Anthonomus Grandis Boh., para seis épocas de semeadura e sua relação com a produtividade do algodoeiro
650 _aSEMEADURA
650 _aBICUDO
650 _aALGODÃO
650 _aPRAGA DE PLANTA
773 0 _tArquivos do Instituto Biológico (Brazil)
_xISSN 0020-3653
_g(Jul-Dec 1999), v. 66(2) p. 113-121
_wBR0800153
909 _a202311
_bLúcia
_c55
_dLúcia Elande
942 _2AGRIS
_n0
_cANA
999 _c192616
_d192616